[Event "IMSA Blitz Women 2019"]
[Site "Hengshui"]
[Date "2019.05.18"]
[Round "7.1"]
[White "Stefanova, Antoaneta"]
[Black "Kosteniuk, Alexandra"]
[Result "0-1"]
[WhiteElo "2470"]
[BlackElo "2546"]
[Annotator "TA"]
[PlyCount "100"]
[EventDate "2019.05.17"]
[EventType "blitz"]
[EventCountry "CHN"]
[SourceTitle "playchess.com"]
[Source "ChessBase"]
[SourceQuality "1"]

{[%evp 15,100,40,35,29,38,36,32,27,36,41,30,41,52,37,34,28,29,31,39,13,15,0,0,-12,-12,-12,-12,-13,-13,-20,-20,-21,-23,-47,-8,-8,-8,-8,0,0,0,-20,-6,-65,-63,-108,-101,-254,-242,-172,-106,-87,-59,-80,-77,-125,-130,-312,-310,-1322,-1101,-5122,-2503,-6356,-5929,-2639,-779,-5829,-5382,-2495,-1180,-29967,-29967,-29967,-12847,-29982,-29983,-29985,-29986,-29986,-29987,-29987,-29988,-29988,-29989,-29989,-29990]} 1. Nf3 c5 ({Predecessor:} 1... d5 2. g3 {½-½ (50) Rozum,I (2581)-Tregubov,P (2578) Sochi 2018}) 2. g3 d5 3. Bg2 Nc6 4. d4 Nf6 5. O-O cxd4 6. Nxd4 e5 7. Nxc6 bxc6 8. c4 Be6 9. Nc3 $146 {D02: 1 d4 d5 2 Nf3 sidelines, including 2...Nf6 3 g3 and 2...Nf6 3 Bf4} (9. Qa4 Qd7 10. Nc3 Rc8 11. Bg5 d4 12. Rad1 Be7 13. Bxf6 Bxf6 14. c5 O-O 15. e3 Bf5 16. exd4 exd4 {1-0 (46) Duda,J (2738)-Tregubov,P (2592) chess.com INT 2019}) 9... Rc8 10. cxd5 cxd5 11. Qa4+ {White is slightly better.} Qd7 12. Qxd7+ Kxd7 13. Rd1 Bc5 14. Nxd5 Nxd5 15. Bxd5 Bxd5 16. Rxd5+ Ke6 17. Rd1 Rhd8 18. Bd2 (18. Rxd8 {looks sharper.} Rxd8 19. Bg5 f6 20. Rc1 Bd4 21. Be3) 18... Bd4 $1 19. Bc3 Bxc3 20. Rxd8 Rxd8 21. bxc3 $11 {[%mdl 4096] Endgame KR-KR} Rd2 22. e3 Rc2 23. Kg2 Rxc3 24. Kf3 f5 25. Rb1 Ra3 26. Rb2 g5 27. h3 h5 28. Rc2 g4+ 29. hxg4 ({Better is} 29. Kg2 $1 $11) 29... hxg4+ $15 30. Kg2 Kd5 $1 31. Rd2+ $2 (31. Rb2 $17 {is a better defense.}) 31... Ke4 $19 32. Rc2 {[#]} Ra4 (32... a6 $1 $19 33. Rc4+ {[#]} Kd5 $1 {[%mdl 512]}) 33. Rb2 Ra5 34. Rb4+ Kd3 35. Rb2 Kc3 36. Re2 $2 (36. Rb3+ $17 {was called for.} Kc2 37. e4 fxe4 38. Re3) 36... e4 37. Kh2 $2 (37. Re1) 37... Ra4 38. Kg2 a5 39. Kf1 Rb4 40. Re1 Rb2 (40... a4 $142 41. Rd1 a3) 41. Rc1+ Rc2 42. Rd1 Rxa2 (42... a4 $142 43. a3 Kb2) 43. Rd5 a4 44. Rxf5 Rb2 (44... a3 $142 45. Ra5 Kb4 46. Re5 Rc2 47. Rxe4+ Rc4 48. Re8 a2 49. Ra8 Rc1+ 50. Ke2 a1=Q 51. Rxa1 Rxa1 52. Kd3 Ra2 53. e4 Rxf2 54. Kd4 Kb5 55. Kd5 Rf3 56. Kd4 Rxg3 57. e5 Kc6 58. e6 Kd6 59. Ke4 Rf3 60. Kd4 Kxe6 61. Ke4 Kd6 62. Kd4 g3 63. Ke4 Ra3 64. Kd4 g2 65. Ke4 g1=Q 66. Kf4 Ke6 67. Ke4 Qg4#) 45. Rf4 a3 {Black mates.} 46. Rxe4 a2 47. Ra4 Rb1+ 48. Ke2 a1=Q 49. Rxa1 Rxa1 50. f4 Ra2+ {Accuracy: White = 28%, Black = 84%.} 0-1

[Event "IMSA Blitz Women 2019"]
[Site "Hengshui"]
[Date "2019.05.18"]
[Round "7.1"]
[White "Abdumalik, Zhansaya"]
[Black "Khotenashvili, Bela"]
[Result "1/2-1/2"]
[WhiteElo "2464"]
[BlackElo "2476"]
[Annotator "TA"]
[PlyCount "169"]
[EventDate "2019.05.17"]
[EventType "blitz"]
[EventCountry "CHN"]
[SourceTitle "playchess.com"]
[Source "ChessBase"]
[SourceQuality "1"]

{[%evp 9,169,33,27,26,38,26,24,33,38,35,45,34,88,43,49,40,60,56,62,37,64,74,65,54,58,54,52,33,58,61,67,66,58,43,147,132,187,186,176,174,193,167,249,241,237,173,161,160,213,212,247,230,245,85,93,92,79,62,61,56,58,60,63,29,49,31,25,8,19,9,60,60,60,53,63,41,40,36,79,74,73,53,54,55,69,54,54,54,118,118,134,149,326,307,742,549,734,609,635,160,160,120,141,80,134,127,120,120,601,597,716,160,277,194,610,571,681,153,512,201,681,641,641,490,633,43,41,0,0,0,0,0,0,0,0,0,0,0,0,0,0,0,0,0,0,0,0,0,0,0,0,0,0,0,0,0,0,0,0,0,0,0]} 1. e4 c6 2. d4 g6 3. Nd2 Bg7 4. c3 d6 5. Ngf3 Nf6 6. h3 {B06: Modern Defence} O-O 7. Bd3 Nbd7 8. a4 $146 {White has an edge.} ({Predecessor:} 8. O-O Qc7 9. Re1 e5 10. Nf1 Re8 11. Ng3 b5 12. Be3 a5 13. Qd2 Ba6 {1-0 (29) Epishin,V (2544)-Scerbo,A (2080) Amantea 2011}) 8... a5 9. O-O e5 10. Re1 Nh5 (10... Qc7 $14) 11. dxe5 Nxe5 12. Bf1 Nf4 13. Nc4 Nxc4 14. Bxc4 Ne6 15. Be3 Qc7 16. Qe2 Bd7 17. Rad1 Rad8 18. Qc2 Bc8 19. Qb3 Nc5 20. Bxc5 $1 dxc5 21. Ng5 Rxd1 (21... Rde8 $1 $14) 22. Rxd1 $16 h6 (22... Be5 $16 {was necessary.}) 23. Nxf7 $1 $18 Kh7 24. Nd6 Qe7 25. Qc2 b6 (25... h5 {was called for.} 26. Qe2 Qe5) 26. Nxc8 Rxc8 27. Qd3 Re8 28. Re1 Rd8 (28... Qh4 $16 29. Re3 h5) 29. Qe3 Re8 30. f4 g5 31. fxg5 $2 {[#]} (31. g3 $18 {is more deadly.}) 31... Qxg5 $16 32. Qxg5 hxg5 $18 {[%mdl 4096] Endgame KRB-KRB} 33. Rd1 b5 34. axb5 cxb5 35. Bxb5 Rb8 36. c4 Bxb2 37. Rd7+ Kg6 38. Ra7 Bc3 39. Ra6+ Kf7 (39... Kg7 $11) 40. Kf2 $14 Rd8 41. Kf3 Rd2 42. g3 Rd3+ 43. Kg4 Be1 44. Kxg5 Rxg3+ 45. Kf5 Rf3+ 46. Ke5 Rxh3 47. Ra7+ Kf8 48. Kd5 Bf2 (48... Rh5+ $14 49. e5 Bg3) 49. Rxa5 $16 Rd3+ 50. Ke6 Re3 $2 (50... Bg3 $16 {was worth a try.} 51. Ra7 Kg8) 51. Bc6 $18 Rd3 $2 (51... Kg7 52. e5 Re1) 52. Bd5 Rh3 53. Ra8+ Kg7 54. Kd7 $2 (54. e5 $18 {Hoping for Kd6.} Rh6+ 55. Kd7) 54... Bd4 55. Be6 Rf3 56. Bf5 ({White should try} 56. Rg8+ Kh6 57. Bd5) 56... Rb3 ({Better is} 56... Rc3) 57. Ke6 $16 Rb6+ 58. Kd5 Rb2 $2 {[%mdl 8192]} (58... Rf6 $16 59. Rb8 Rf7) 59. e5 $18 Re2 60. Re8 $2 (60. Ra7+ $18 {and White stays clearly on top.} Kg8 61. Bh7+ Kh8 62. e6) 60... Kf7 (60... Bc3 $16 61. Bh3 Re3) 61. Re6 Rf2 $2 (61... Bb2 62. Bg6+ (62. Kxc5 Rxe5+ 63. Rxe5 Bxe5 $11) 62... Kg7) 62. Bg6+ Kg7 63. Bh5 $2 (63. Be4 $18 {and the rest is easy.} Rf4 64. Rd6) 63... Rh2 $2 (63... Rf5 $16) 64. Bf3 $2 (64. Re7+ Kg8 65. Bf7+ Kf8 66. Rc7) 64... Rf2 $2 (64... Rh4 65. Re8 Rf4) 65. Be4 Ra2 66. Rb6 Rd2 67. e6 $2 (67. Rb7+ $18 Kf8 68. Rc7) 67... Kf6 $14 68. Ra6 (68. Rb3 $5 {[%cal Rb3f3]} Bg1+ 69. Rd3 Rxd3+ 70. Bxd3 $14) 68... Bf2+ {The position is equal.} 69. Kc6 {[#] aiming for Bd5.} Kxe6 70. Bd5+ Ke5 71. Ra7 Bd4 72. Rf7 Rf2 73. Rh7 Rf6+ 74. Kb5 Kf4 75. Rh3 Ke5 76. Rh4 Rf4 77. Rh5+ Rf5 78. Rh6 Rf6 79. Rh7 Rf1 80. Re7+ Kd6 81. Re6+ Kd7 82. Rg6 Rb1+ 83. Ka5 Bc3+ 84. Ka4 Bd4 85. Ka5 {Accuracy: White = 49%, Black = 37%.} 1/2-1/2

[Event "IMSA Blitz Women 2019"]
[Site "Hengshui"]
[Date "2019.05.18"]
[Round "7.1"]
[White "Bodnaruk, Anastasia"]
[Black "Ushenina, Anna"]
[Result "0-1"]
[WhiteElo "2431"]
[BlackElo "2442"]
[Annotator "TA"]
[PlyCount "92"]
[EventDate "2019.05.17"]
[EventType "blitz"]
[EventCountry "CHN"]
[SourceTitle "playchess.com"]
[Source "ChessBase"]
[SourceQuality "1"]

{[%evp 9,92,18,21,-10,-4,-16,0,-4,0,0,0,0,0,0,0,-48,0,0,0,-51,-56,-203,-101,-97,-96,-81,-103,-158,-164,-161,-147,-307,-171,-198,-191,-192,-185,-194,-190,-201,-200,-354,-357,-346,-259,-285,-302,-295,-304,-347,-346,-510,-489,-835,-835,-820,-814,-1118,-1124,-1522,-1474,-1513,-1511,-1357,-1316,-1138,-1122,-1603,-1545,-2175,-1964,-6820,-6467,-29987,-2275,-29989,-29984,-29984,-29984,-29984,-29985,-29986,-29987,-29988,-29989]} 1. e4 c6 2. d4 d5 3. e5 c5 4. c3 Nc6 5. Be2 Nh6 (5... Bf5 6. Nf3 e6 7. O-O Bg6 8. a3 cxd4 9. cxd4 Nge7 10. Nc3 Nc8 11. Be3 Nb6 12. b3 Be7 13. Ne1 Rc8 14. Qd2 O-O 15. Nd3 Nd7 {½-½ (31) Kryvoruchko,Y (2691)-Prohaszka,P (2593) Gjakova 2016}) (5... cxd4 6. cxd4 Bf5 7. Nf3 e6 8. O-O Nge7 9. a3 Bg6 10. Nc3 Nf5 11. g4 Nh4 12. Nxh4 Qxh4 13. f4 f5 14. exf6 gxf6 15. Be3 Bd6 16. Bf2 Qh3 {1-0 (44) Bodnaruk,A (2431)-Ushenina,A (2442) Sochi 2019}) 6. Bxh6 {B12: Caro-Kann: Advance Variation} gxh6 7. Nf3 Rg8 8. g3 {The position is equal.} cxd4 $146 ({Predecessor:} 8... Bg4 9. dxc5 e6 10. Nd4 Bxe2 11. Qxe2 Bxc5 12. Nb3 Bb6 {½-½ (91) Ankit,R (2508)-Arat,U (2357) Pune 2014}) 9. cxd4 Bh3 10. Nc3 e6 11. Qd2 Qb6 12. Rd1 Rc8 13. Bf1 Bg4 14. Bg2 ({Better is} 14. Be2 $11) 14... Na5 $1 $15 {[%cal Bc6a5,Ba5c4,Bc4b2][%mdl 32]} 15. Na4 (15. O-O $15) 15... Qb5 (15... Qb4 $1 $19 {[%cal Rb4a4]} 16. Qxb4 Bxb4+ 17. Kf1 Rc4) 16. Nc3 $17 {[#]} Qb4 $1 $36 {[%mdl 2048] ...Nc4 is the strong threat. Black has strong initiative.} 17. O-O Nc4 {[%mdl 64] Double Attack} 18. Qe2 (18. Qc2 $142) 18... Qxb2 ({And not} 18... Nxb2 {[#]} 19. Nxd5 $1 {[%mdl 512]} exd5 20. Rb1 $14) 19. Qxb2 Nxb2 20. Rc1 $2 (20. Rb1 $17 {keeps fighting.} Bxf3 21. Bxf3 Rxc3 22. Rxb2) 20... Kd7 (20... Nd3 $142 21. Ne4 Nxc1 22. Nf6+ Kd8 23. Nxg8 Ne2+ 24. Kh1 Bg7) 21. Nb5 a6 22. Rxc8 Kxc8 23. Rc1+ Nc4 24. Nc3 Ba3 25. Rc2 $2 (25. Rd1) 25... Bf5 $19 26. Re2 b5 27. Nh4 Bd3 {White must now prevent ...Bb4.} 28. Re1 Kd7 29. f4 Rc8 30. f5 (30. Nxd5 $142 exd5 31. Bh3+ Kd8 32. Bxc8 Kxc8 33. e6) 30... Bb4 31. Rc1 (31. Rd1 $142 Nb2 32. Nxd5 exd5 33. Rxd3 Nxd3 34. Bxd5) 31... Ne3 32. fxe6+ fxe6 33. Re1 Bxc3 34. Rxe3 Bxd4 35. Kf2 Rc2+ 36. Kf3 Bxe3 37. Kxe3 {[%mdl 4096] Endgame KRB-KBN} Bg6 38. g4 Rxa2 39. Kd4 Kc6 40. h3 b4 {( -> ...b3)} 41. Bf3 a5 (41... b3 $142 42. Be2 Rxe2 43. Nf3 b2 44. Nd2 Rxd2+ 45. Ke3 Rd3+ 46. Ke2 b1=Q 47. h4 Qc2+ 48. Kf1 Rd1#) 42. Bg2 Rd2+ {Black mates.} 43. Ke3 Rd3+ 44. Ke2 Rc3 45. Kd2 Rc2+ 46. Ke3 b3 {Accuracy: White = 36%, Black = 77%.} 0-1

[Event "IMSA Blitz Women 2019"]
[Site "Hengshui"]
[Date "2019.05.18"]
[Round "7.2"]
[White "Koneru, Humpy"]
[Black "Gunina, Valentina"]
[Result "1-0"]
[WhiteElo "2553"]
[BlackElo "2506"]
[Annotator "TA"]
[PlyCount "45"]
[EventDate "2019.05.17"]
[EventType "blitz"]
[EventCountry "CHN"]
[SourceTitle "playchess.com"]
[Source "ChessBase"]
[SourceQuality "1"]

{[%evp 9,57,25,22,0,32,22,70,0,0,0,65,82,65,72,67,77,78,79,69,69,73,73,81,74,95,107,269,243,779,752,1373,1341,1199,561,1047,852,1023,978,1756,1733,1766,1734,29989,1483,29983,29983,29986,29987,29997,29998]} 1. d4 Nf6 2. c4 e6 3. Nf3 d5 4. Nc3 a6 5. cxd5 exd5 6. Qb3 {D37: Queen's Gambit Declined: 5 Bf4} (6. Bg5 Be6 7. e3 Nbd7 8. Bd3 h6 9. Bf4 g5 10. Bg3 Nh5 11. Be5 Nhf6 12. Bg3 Nh5 13. Ne2 Nxg3 14. Nxg3 {1-0 (61) Leko,P (2679)-Caruana,F (2832) Germany 2019}) 6... b5 {[%cal Bb7b5,Bb5b4][%mdl 32]} 7. Bg5 Be6 8. a4 $146 (8. Bxf6 $1 $14 Qxf6 9. e3 (9. Nxd5 $2 Qd8 $19)) ({Predecessor:} 8. Bxf6 Qxf6 9. a4 {1-0 (24) Checa,N (2495)-Korley,K (2453) Charlotte 2018}) 8... b4 $11 9. Bxf6 $1 Qxf6 (9... gxf6 $11 10. Nb1 Nd7) 10. Nxd5 $14 Qd8 11. e4 $36 {[%mdl 2048] aiming for Bc4. White is in control.} c6 12. Qe3 $1 cxd5 13. exd5 Qxd5 14. Rc1 $1 {Black must now prevent Bc4.} Be7 {Threatens to win with ...Qb3.} 15. Bd3 $1 {[%cal Rd3e4] And now Be4 would win.} Qd8 {[#] ...Bd5 is the strong threat.} 16. Be4 $1 {[%cal Re4a8]} Ra7 {Hoping for ...Rd7.} 17. d5 $1 {[%cal Rd5e6]} Bxd5 $2 (17... Bf5 $16) 18. Bxd5 $18 Rc7 $2 {[#]} (18... Rd7) 19. Bxf7+ $1 {[%mdl 576] Decoy} Kxf7 20. Qf4+ {[%mdl 64] Double Attack} Ke8 21. Qxc7 (21. Rxc7 $142 Nd7 22. O-O) 21... Nd7 22. O-O Rf8 23. Qc4 {Played: Rf1-d1} 1-0

[Event "IMSA Blitz Women 2019"]
[Site "Hengshui"]
[Date "2019.05.18"]
[Round "7.2"]
[White "Kosteniuk, Alexandra"]
[Black "Stefanova, Antoaneta"]
[Result "1-0"]
[WhiteElo "2546"]
[BlackElo "2470"]
[Annotator "TA"]
[PlyCount "79"]
[EventDate "2019.05.17"]
[EventType "blitz"]
[EventCountry "CHN"]
[SourceTitle "playchess.com"]
[Source "ChessBase"]
[SourceQuality "1"]

{[%evp 24,79,48,11,20,35,39,39,53,52,103,77,90,83,75,75,133,133,136,133,118,105,129,33,194,56,203,220,298,225,711,721,714,693,702,694,734,733,789,785,741,710,700,711,910,927,922,907,926,879,944,934,954,947,929,888,1459,1446]} 1. c4 c6 2. e4 d5 3. exd5 cxd5 4. cxd5 Nf6 5. Nc3 Nxd5 6. Nf3 e6 7. d4 Nc6 8. Bd3 Be7 9. O-O Nf6 10. Re1 O-O 11. a3 b6 12. Bc2 Bb7 13. Bg5 h6 {D42: Queen's Gambit Declined: Semi-Tarrasch: 5 cxd5 Nxd5 6 e3 Nc6 7 Bd3} (13... Re8 14. Qd3 g6 15. Rad1 Nd5 16. Bh6 Rc8 17. Ba4 a6 18. Nxd5 Qxd5 19. Qe3 Bf6 20. Bb3 Qd8 21. Ne5 Qe7 {1-0 (40) Kobalia,M (2666)-Jobava,B (2706) Plovdiv 2012}) 14. Bh4 Ba6 15. Rc1 Rc8 {White is slightly better.} 16. Bb1 Qd6 $146 (16... Bc4 $14) ({Predecessor:} 16... Nh5 17. Bxe7 Nxe7 18. Ne5 Nf4 19. Qf3 Nfd5 20. Ng4 {1-0 (35) Khukhashvili,S (2316)-Gvetadze,S (2321) Tbilisi 2006}) 17. Qc2 {Black must now prevent Bxf6.} g6 18. Qd2 Kg7 19. Bg3 $36 {[%mdl 2048] White is in control.} Qd7 (19... Qd8 $142) 20. Bf4 $16 Rh8 21. Rcd1 Bb7 22. Ba2 Rcd8 23. b4 (23. Qc1 $16) 23... Nh5 $2 {[#]} ({Better is} 23... Bd6 $1 $14) 24. b5 (24. d5 $1 $18) 24... Na5 {[#]} (24... Nxf4 $14 25. Qxf4 Na5) 25. Ne5 $1 $18 {[%cal Re5d7]} Qc8 {[#]} 26. Nxf7 $1 {[%mdl 576] Double Attack} Nc4 $2 (26... Kxf7 27. Bxe6+ Qxe6 28. Rxe6 Kxe6 29. Re1+ (29. Bxh6 Kd7 $18) 29... Kd7) 27. Bxc4 $1 {White is clearly winning.} Qxc4 28. Nxd8 Rxd8 29. Bxh6+ Kh7 30. Bg5 Bxg5 31. Qxg5 Rd7 32. Ne4 Bxe4 33. Rxe4 Qc2 34. Rde1 Rf7 35. R4e2 Qf5 36. Qxf5 Rxf5 37. Rxe6 Rxb5 38. Re7+ Kh6 39. Rxa7 Nf4 40. g3 {Accuracy: White = 71%, Black = 19%.} 1-0

[Event "IMSA Blitz Women 2019"]
[Site "Hengshui"]
[Date "2019.05.18"]
[Round "7.2"]
[White "Lei, Tingjie"]
[Black "Tan, Zhongyi"]
[Result "1-0"]
[WhiteElo "2507"]
[BlackElo "2513"]
[Annotator "TA"]
[PlyCount "145"]
[EventDate "2019.05.17"]
[EventType "blitz"]
[EventCountry "CHN"]
[SourceTitle "playchess.com"]
[Source "ChessBase"]
[SourceQuality "1"]

{[%evp 14,149,-25,-21,-7,-33,9,14,25,14,16,8,20,20,20,19,71,75,73,45,55,55,67,27,42,33,21,15,18,12,98,-6,-5,-9,7,0,0,-8,-4,-179,8,0,0,0,35,35,162,87,74,69,158,135,231,229,225,223,285,279,260,211,318,288,310,285,366,349,316,244,311,257,243,0,268,229,226,199,353,345,404,397,436,416,440,437,579,571,657,643,703,706,672,652,1060,777,1069,1052,887,991,981,965,904,809,704,431,431,425,6633,62,775,704,704,551,5739,5185,29963,29964,29965,29966,29949,11172,29981,29981,29983,29984,29985,29986,29987,29988,29983,29984,29984,29985,29985,29986,29986,29987,29985,29986]} 1. e4 e5 2. Nf3 Nc6 3. d4 exd4 4. Nxd4 Nf6 5. Nxc6 bxc6 6. e5 Qe7 7. Qe2 Nd5 8. h4 Bb7 {C45: Scotch Game} 9. Bg5 $146 ({Predecessor:} 9. c4 Nb6 10. Rh3 Qe6 11. f4 O-O-O 12. a4 d5 13. a5 Nxc4 14. b3 Bb4+ 15. Kf2 Nxa5 16. Bd2 {½-½ (73) Nakamura,H (2781)-Carlsen,M (2837) London 2017}) 9... f6 (9... Qe6 {looks sharper.} 10. c4 Nb6 11. Nd2 h6 12. Bf4 Bb4) 10. exf6 gxf6 {The position is equal.} 11. Qxe7+ Bxe7 12. Bd2 Nb4 13. Na3 {[%cal Bb1a3,Ba3c4,Bc4e3,Be3f5][%mdl 32]} c5 14. c3 Nd5 (14... Nc6 $11) 15. Nc4 O-O-O 16. O-O-O Nb6 17. Ne3 Rhg8 18. Nf5 Bf8 19. f3 h5 20. c4 d5 21. cxd5 Bxd5 (21... Rxd5 $11 22. Ne3 Rd4) 22. b3 ({White should play} 22. Bc3 $1 $16) 22... Be6 $11 23. Ne3 Bd6 24. Ba6+ Kb8 25. Kc2 Bf4 {White must now prevent ...Rxd2+!} 26. Rhg1 $2 {[#]} (26. Rhe1 $11 {and White has nothing to worry.}) 26... Rg7 $2 (26... Rxd2+ $1 $19 {[%mdl 512]} 27. Kxd2 Nd5) 27. g4 hxg4 28. fxg4 Rgd7 (28... Rd6 {is interesting.} 29. Nc4 Nxc4 30. Bxc4 Rxg4 31. Bxf4 Rxd1 32. Rxd1 Bxc4 33. Be3 Bf7) 29. Bc1 Bxe3 (29... Rxd1 $14 30. Rxd1 Rh8) 30. Bxe3 (30. Rxd7 $18 Rxd7 31. Bxe3) 30... Rxd1 $16 31. Rxd1 Rxd1 (31... Rh8 $14) 32. Kxd1 $14 {[%mdl 4096] Endgame KBB-KBN} Nd5 (32... c4 $16) 33. Bxc5 $18 Bxg4+ 34. Kd2 f5 35. Bc4 Nf4 36. Be3 Ng2 (36... Ng6 $142 37. Bg5 Kc8) 37. Bf2 Nf4 38. Bf7 Kc8 39. Be3 Nh5 40. Be6+ Kd8 41. Bg5+ Ke8 42. Be3 $2 (42. Kd3 $18) 42... a6 $2 {[%mdl 8192]} (42... Kd8 $1 $11 {and Black is okay.}) 43. Bc4 f4 44. Bf2 Nf6 $2 (44... Bc8 {was called for.} 45. Bd4 Ng3) 45. Bxa6 Ne4+ 46. Ke1 Kd7 47. Bb5+ c6 48. Bd3 Nc3 49. a4 {[%cal Ba2a4,Ba4a5,Ba5a6,Ba6a7][%mdl 32]} Kc7 50. a5 Nd5 51. a6 Nb4 52. Bc4 Nc2+ 53. Kd2 Nb4 54. a7 Kb7 55. Bf7 Nd5 56. h5 Bf5 57. h6 Nf6 58. Bd4 Ne4+ 59. Ke2 c5 (59... f3+ $142 60. Kxf3 Ng5+ 61. Kf4 {[%mdl 64] Double Attack} Nxf7) 60. Be5 $2 (60. Bd5+ $18 Kxa7 61. Kf3) 60... Kxa7 $2 {[%mdl 8192]} (60... f3+ $14 61. Ke3 (61. Kxf3 Ng5+ 62. Kf4 {[%mdl 64] Double Attack} Nxf7 $11) 61... f2) 61. Bxf4 Nf6 62. Be5 Nh7 63. Ke3 Kb6 64. Kf4 Bc2 65. Be6 Nf8 66. Bf5 Bxb3 67. Bg7 {White mates.} Bg8 68. Bxf8 c4 69. Bb4 Kb5 70. Bc3 Ka4 71. Kg5 Kb3 72. Be5 c3 73. Kg6 {Played: Be5xc3} 1-0

[Event "IMSA Blitz Women 2019"]
[Site "Hengshui"]
[Date "2019.05.18"]
[Round "7.2"]
[White "Harika, Dronavalli"]
[Black "Paehtz, Elisabeth"]
[Result "1-0"]
[WhiteElo "2492"]
[BlackElo "2470"]
[Annotator "RC"]
[PlyCount "99"]
[EventDate "2019.05.17"]
[EventType "blitz"]
[EventCountry "CHN"]
[SourceTitle "playchess.com"]
[Source "ChessBase"]
[SourceQuality "1"]
[TimeControl "180+2"]

1. f4 {[%emt 0:00:00]} d5 {[%emt 0:00:00]} 2. Nf3 {[%emt 0:00:00]} Bg4 {[%emt 0:00:02]} 3. e3 {[%emt 0:00:18]} Nd7 {[%emt 0:00:02]} 4. Be2 {[%emt 0:00:01]} c6 {[%emt 0:00:05]} 5. b3 {[%emt 0:00:03]} Bxf3 {[%emt 0:00:03]} 6. Bxf3 {[%emt 0:00:01]} e5 {[%emt 0:00:01]} 7. fxe5 {[%emt 0:00:09]} Nxe5 {[%emt 0:00:02]} 8. O-O {[%emt 0:00:10]} Bd6 {[%emt 0:00:02]} 9. Bb2 {[%emt 0:00:06]} Nf6 {[%emt 0:00:06]} 10. Nc3 {[%emt 0:00:31]} Qc7 {[%emt 0:00:04]} 11. h3 {[%emt 0:00:06]} Qe7 {[%emt 0:00:02]} 12. Ne2 {[%emt 0:00:05]} O-O-O {[%emt 0:00:09]} 13. a4 {[%emt 0:00:07]} h5 {[%emt 0:00:06]} 14. a5 {[%emt 0:00:01]} a6 {[%emt 0:00:02]} 15. Nd4 {[%emt 0:00:09]} g6 {[%emt 0:00:02]} 16. Qe2 {[%emt 0:00:14]} Ne4 {[%emt 0:00:18]} 17. Bxe4 {[%emt 0:00:11]} dxe4 {[%emt 0:00:01]} 18. d3 {[%emt 0:00:14]} f5 {[%emt 0:00:26]} 19. dxe4 {[%emt 0:00:01]} fxe4 {[%emt 0:00:01]} 20. Rf4 {[%emt 0:00:32]} Nd7 {[%emt 0:00:08]} 21. Nxc6 {[%emt 0:00:06]} bxc6 {[%emt 0:00:01]} 22. Qxa6+ {[%emt 0:00:01]} Kb8 {[%emt 0:00:04]} 23. Bd4 {[%emt 0:00:03]} Bc5 {[%emt 0:00:12]} 24. Qxc6 {[%emt 0:00:10]} Bxd4 {[%emt 0:00:03]} 25. exd4 {[%emt 0:00:01]} Qb4 {[%emt 0:00:11]} 26. Rxe4 {[%emt 0:00:05]} Qb7 {[%emt 0:00:13]} 27. Qxb7+ {[%emt 0:00:03]} Kxb7 {[%emt 0:00:01]} 28. c4 {[%emt 0:00:05]} Rhe8 {[%emt 0:00:04]} 29. Rf4 {[%emt 0:00:01]} Nb8 {[%emt 0:00:09]} 30. b4 {[%emt 0:00:02]} Nc6 {[%emt 0:00:03]} 31. d5 {[%emt 0:00:01]} Ne5 {[%emt 0:00:06]} 32. b5 {[%emt 0:00:06]} g5 {[%emt 0:00:04]} 33. Rd4 {[%emt 0:00:12]} Rc8 {[%emt 0:00:01]} 34. d6 {[%emt 0:00:02]} Rxc4 {[%emt 0:00:03]} 35. Rd5 {[%emt 0:00:02]} Nd7 {[%emt 0:00:21]} 36. Rf1 {[%emt 0:00:02]} g4 {[%emt 0:00:10]} 37. Rxh5 {[%emt 0:00:01]} g3 {[%emt 0:00:02]} 38. Rg5 {[%emt 0:00:01]} Rd4 {[%emt 0:00:13]} 39. Rxg3 {[%emt 0:00:02]} Rxd6 {[%emt 0:00:01]} 40. Rg5 {[%emt 0:00:02]} Re2 {[%emt 0:00:08]} 41. Rf7 {[%emt 0:00:02]} Kc7 {[%emt 0:00:10]} 42. Kh2 {[%emt 0:00:02]} Rdd2 {[%emt 0:00:02]} 43. Rgg7 {[%emt 0:00:01]} Kd8 {[%emt 0:00:02]} 44. Rg8+ {[%emt 0:00:01]} Kc7 {[%emt 0:00:01]} 45. Rgg7 {[%emt 0:00:01]} Kd8 {[%emt 0:00:00]} 46. b6 {[%emt 0:00:01]} Rd6 {[%emt 0:00:06]} 47. b7 {[%emt 0:00:04]} Rb2 {[%emt 0:00:01]} 48. a6 {[%emt 0:00:01]} Nc5 {[%emt 0:00:13]} 49. a7 {[%emt 0:00:03]} Nxb7 {[%emt 0:00:04]} 50. a8=Q# {[%emt 0:00:02]} 1-0